00685 a2200217 4500003000200000005001700002008004100019040002100060041000800081100001900089130000700108245007800115260003400193300005100227440005400278504003200332630002400364650003800388700002400426700001700450020160609152458.0110922t xxu||||| |||| 00| 0 eng d aBUACbFrecBUDOC aFre aGwinner, Joost lFR aManuel sur la manutention et la conservation des grains après récolte aEschbornbEd. de la GTZc1996 a368 p.bcouv. en coul., ill. ; 21 cm.c20 cm.  aProjet de Protection des Stocks et des Récoltes aComprend Index p. 358 - 368 aSCIENCES APPLIQUEES aConservation : technique : grain 1 aHARNISCH, Rüdiger1 aMück, Otto